Remarkable Quiz - Statistics

General Stats
  • This quiz has been taken 17 times
    12 since last reset
  • The average score is 8 of 15
Answer Stats
Remarkably considerable, illustrious, sublime, regal magnificent implication Remarkably justified, ambiguously interpreted, superbly observed, unreal rebuttal % Correct
Which US president was assassinated at Ford's Theatre? Abraham Lincoln
80%
Which continent contains the most countries? Africa
80%
Ankara is the capital of what country? Turkey
80%
Was this quiz absolutely REMARKABLE?!?! Yes
80%
Who's assassination sparked the start of WWI? Franz Ferdinand
70%
Which US president demanded that Mikhail Gorbachev, Premier of the Soviet Union, tear down the Berlin wall? Ronald Reagan
70%
What is the capital of Argentina? Buenos Aires
60%
What nation was formerly known as "Ceylon"? Sri Lanka
60%
What country had the most deaths during WWII? USSR
60%
What English civil war was fought between the houses of Lancaster and York? War of the Roses
60%
What is the most populated African country? Nigeria
50%
Which Empire put an end to the Roman Empire? Ottoman Empire
50%
What was the capital of France during the majority of WWII? Vichy
20%
What was the largest contiguous Empire? Mongol Empire
10%
Who was the first Emperor of the Roman Empire? Augustus Caesar
0%
No matching quizzes found
Score Distribution
Percent of People with Each Score
Percentile by Number Answered
Your Score History
You have not taken this quiz since the last reset